Biedermann und Schreibtischtäter : Materialien zur deutschen Täter-Biographie / Autoren Götz Aly ... [et al.].
Record details
- ISBN: 3880229538
- Physical Description: 207 p. : ill. ; 23 cm
- Publisher: Berlin : Rotbuch Verlag, c1987
Content descriptions
| Bibliography, etc. Note: | Includes bibliographical references. |
| Formatted Contents Note: | Das Posener Tagebuch des Anatomen Hermann Voss / erläutert von Götz Aly -- Friedrich Mennecke / eingeleitet von Peter Chroust -- Das Kriegstagebuch des Diplomaten Otto Bräutigam / eingeleitet und kommentiert von H.D. Heilmann. |
Search for related items by series
Available copies
- 1 of 1 copy available at Common Catalog SPOK.
Holds
- 0 current holds with 1 total copy.
Show Only Available Copies
| Location | Call Number / Copy Notes | Barcode | Shelving Location | Status | Due Date |
|---|---|---|---|---|---|
| Terezin Initiative Institute | 788 | 4594300788 | Knihovna ITI | Available | - |
| LDR | 01550cam a2200349 a 4500 | ||
|---|---|---|---|
| 001 | 49553 | ||
| 003 | CZ-PrJAB | ||
| 005 | 20221116122352.0 | ||
| 008 | 880223s1987 gw a b 000 0cger | ||
| 020 | . | ‡a3880229538 | |
| 035 | . | ‡a(DLC) 87204282 | |
| 040 | . | ‡aDLC ‡cDLC ‡dDLC | |
| 100 | 1 | . | ‡aAly, Götz, ‡d1947- ‡4aut |
| 245 | 0 | 0. | ‡aBiedermann und Schreibtischtäter : ‡bMaterialien zur deutschen Täter-Biographie / ‡cAutoren Götz Aly ... [et al.]. |
| 260 | . | ‡aBerlin : ‡bRotbuch Verlag, ‡cc1987 | |
| 300 | . | ‡a207 p. : ‡bill. ; ‡c23 cm | |
| 490 | 1 | . | ‡aBeiträge zur nationalsozialistischen Gesundheits- und Sozialpolitik ; ‡v4 |
| 504 | . | ‡aIncludes bibliographical references. | |
| 505 | 0 | . | ‡aDas Posener Tagebuch des Anatomen Hermann Voss / erläutert von Götz Aly -- Friedrich Mennecke / eingeleitet von Peter Chroust -- Das Kriegstagebuch des Diplomaten Otto Bräutigam / eingeleitet und kommentiert von H.D. Heilmann. |
| 910 | . | ‡aABE340 ‡b788 | |
| 995 | . | ‡aska | |
| 901 | . | ‡a49553 ‡bAUTOGEN ‡c49553 ‡tbiblio | |